| 000 | 00608nam a22002057a 4500 | ||
|---|---|---|---|
| 999 |
_c16012 _d16012 |
||
| 003 | AR-CdUCM | ||
| 008 | 190430b ||||| |||| 00| 0 spa d | ||
| 040 |
_aMUNICIPALIDAD PROVINCIAL DEL CUSCO _cBIBLIOTECA MUNICIPAL DEL CUSCO |
||
| 082 |
_a868.80 / _bCH27 |
||
| 100 |
_aChaves, Helio _911487 |
||
| 245 |
_aUna familia burguesa : _bromance / |
||
| 260 |
_bAgisa, _c1952. |
||
| 300 |
_a126 páginas ; _c19 cm. |
||
| 505 | _aContenido: Literatura brasilera. | ||
| 650 |
_aLiteratura brasilera _913828 |
||
| 650 |
_aRomance _9410 |
||
| 650 |
_aNovela _95 |
||
| 942 |
_2ddc _cLIBROS |
||
| 945 |
_adavv _d30/04/2019 |
||